Statistics for Countries that Recognize Abkhazia and South Ossetia

Click here to take the quiz!

General Stats

  • This quiz has been taken 329 times
  • The average score is 3 of 5

Answer Stats

Date of RecognitionAnswer% Correct
26 August 2008Russia
98%
10 September 2009Venezuela
42%
29 May 2018Syria
41%
15 December 2009 / 16 December 2009Nauru
38%
5 September 2008Nicaragua
32%

Score Distribution

Percentile by Number Answered

Percent of People with Each Score

Your Score History

You have not taken this quiz